Statistiques concernant Frontières françaises

Cliquez ici pour prendre le quiz!

Statistiques générales

  • Ce quiz a été pris 144 fois
    (90 depuis la dernière actualisation)
  • Le résultat moyen est 10 sur 12

Statistiques - réponses

Distance de frontièrePays% Correct
451 kmAllemagne
96%
623 kmEspagne
96%
573 kmSuisse
96%
652 kmBelgique
95%
515 kmItalie
95%
73 kmLuxembourg
92%
5 kmMonaco
92%
730 kmBrésil
91%
57 kmAndorre
87%
13 kmPays-Bas
64%
520 kmSuriname
59%
1 941 kmRoyaume-Uni
55%

Distribution des résultats

Percentile par nombre de réponses

% des personnes avec chaque résultat

Votre développement - résultats

Vous n’avez pas pris ce quiz depuis la dernière actualisation